| 000 | 01053nam a2200229Ia 4500 | ||
|---|---|---|---|
| 003 | Ost | ||
| 005 | 20260507075736.0 | ||
| 008 | 260507s9999||||xx |||||||||||||| ||und|| | ||
| 020 | _a9960245535 | ||
| 040 | _cfsecg | ||
| 041 | _aara | ||
| 082 | _a658.406 | ||
| 100 |
_aكارنال، كولين _eمؤلف |
||
| 245 | 0 |
_aصندوق أدوات إدارة التغيير / _c كولين كارنال |
|
| 260 |
_aالرياض: _bدار المريخ, _c2004 |
||
| 300 |
_a173 صفحة؛ _bإيضاحات ؛ _c24 سم |
||
| 504 | _aببلوغرافيا: ص.175 | ||
| 520 | _aأدوات إدارة التغيير،قواعد التنافسية الجديد،صندوق أدوات تشخيص التغيير،الحالة الدراسية لمنشأة قصر الأمور المالية،معمارية التغيير،تمكين البنية التحتية،بناء مبادرات التغيير الفعالة | ||
| 653 | _aادارة التغيير | ||
| 700 |
_aسرور، علي ابراهيم سرور _eمؤلف ثانوي |
||
| 942 | _cكتاب | ||
| 999 |
_c46086 _d46086 |
||